| 000 | 00603cab a2200241 4500 | ||
|---|---|---|---|
| 001 | ABS60552 | ||
| 008 | 090401t1999 xxu||||| |||| 00| 0 eng d | ||
| 035 | _a(Sirsi) u92639 | ||
| 041 | _aeng | ||
| 100 | _aGilg, A | ||
| 245 | _aNew start, new vision? | ||
| 260 | _c1999 | ||
| 350 | _a0 | ||
| 490 |
_aTown & Country Planning _v68(4) April 1999, 116-117(2) |
||
| 650 | _aCOUNTRYSIDE AGENCY | ||
| 650 | _aLAND MANAGEMENT | ||
| 650 | _aPLANNING POLICY | ||
| 650 | _aRURAL DEVELOPMENT | ||
| 650 | _aRURAL PLANNING | ||
| 690 | _aPLANNING LAW AND PRACTICE | ||
| 942 | _n0 | ||
| 948 | _c08/04/1999 | ||
| 999 |
_c58711 _d58711 |
||